| 000 | 00371nam a22001337a 4500 | ||
|---|---|---|---|
| 008 | 210823b ||||| |||| 00| 0 eng d | ||
| 082 | _aEnglish Cap No.5 | ||
| 100 | _aLekshay, Kuenzang | ||
| 245 | _a`Passengers` as a utopian science fiction | ||
| 260 |
_aThimphu : _bRoyal Thimphu College, _c2021. |
||
| 300 |
_a21 p. _c30 cm. |
||
| 650 | _astudent capstone | ||
| 942 | _2ddc | ||
| 999 |
_c8848 _d8849 |
||